Children's human rights : progress and challenges for children worldwide (Record no. 1341)
| 000 -LEADER | |
|---|---|
| fixed length control field | 00620nam a22001937a 4500 |
| 003 - CONTROL NUMBER IDENTIFIER | |
| control field | OSt |
| 005 - DATE AND TIME OF LATEST TRANSACTION | |
| control field | 20140630142820.0 |
| 008 - FIXED-LENGTH DATA ELEMENTS--GENERAL INFORMATION | |
| fixed length control field | 140630b xxu||||| |||| 00| 0 eng d |
| 020 ## - INTERNATIONAL STANDARD BOOK NUMBER | |
| International Standard Book Number | 9780742529885 |
| 050 ## - LIBRARY OF CONGRESS CALL NUMBER | |
| Classification number | HQ789 .C454 2005 |
| 245 ## - TITLE STATEMENT | |
| Title | Children's human rights : progress and challenges for children worldwide |
| Statement of responsibility, etc | Mark Ensalaco and Linda C. Majka. |
| 260 ## - PUBLICATION, DISTRIBUTION, ETC. (IMPRINT) | |
| Place of publication, distribution, etc | Lanham, Md |
| Name of publisher, distributor, etc | Rowman & Littlefield |
| Date of publication, distribution, etc | 2005 |
| 300 ## - PHYSICAL DESCRIPTION | |
| Extent | vii, 278 p |
| Dimensions | 24 cm. |
| 440 ## - SERIES STATEMENT/ADDED ENTRY--TITLE | |
| Title | Children's human rights |
| 504 ## - BIBLIOGRAPHY, ETC. NOTE | |
| Bibliography, etc | Includes bibliographical references and index. |
| 700 ## - ADDED ENTRY--PERSONAL NAME | |
| Personal name | Ensalaco, Mark. |
| 700 ## - ADDED ENTRY--PERSONAL NAME | |
| Personal name | Majka, Linda C. |
| 942 ## - ADDED ENTRY ELEMENTS (KOHA) | |
| Source of classification or shelving scheme | |
| Koha item type | Book |
| Withdrawn status | Lost status | Source of classification or shelving scheme | Damaged status | Not for loan | Home library | Current library | Date acquired | Total Checkouts | Full call number | Barcode | Date last seen | Date checked out | Copy number | Price effective from | Koha item type | Total Renewals |
|---|---|---|---|---|---|---|---|---|---|---|---|---|---|---|---|---|
| Riara University Library | Riara University Library | 30/06/2014 | 2 | HQ789 .C454 2005 | 4817/14 | 01/03/2018 | 12/02/2018 | C.1 | 30/06/2014 | Book | ||||||
| Riara University Library | Riara University Library | 30/06/2014 | HQ789 .C454 2005 | 4818/14 | 30/06/2014 | C.2 | 30/06/2014 | Book | ||||||||
| Riara University Library | Riara University Library | 30/06/2014 | 6 | HQ789 .C454 2005 | 4819/14 | 01/12/2015 | 12/11/2015 | C.3 | 30/06/2014 | Book | 5 |
